| 000 | 00532nam a2200217Ia 4500 | ||
|---|---|---|---|
| 005 | 20240715012649.0 | ||
| 008 | 240331s9999 xx 000 0 und d | ||
| 020 | _a0195664485 | ||
| 082 |
_bREL _a200 |
||
| 100 | _a | ||
| 245 | 0 | _aReligious movements in south Asia 600-1800 | |
| 260 |
_aNew Delhi _bOxford University Press _c2004 |
||
| 300 | _aviii, 380 p ., | ||
| 650 | _aSocial | ||
| 650 | _aEconomics | ||
| 650 | _aReligion | ||
| 650 | _aPolitical | ||
| 650 | _aSocial | ||
| 700 |
_aLorenzen N. David _eedt |
||
| 942 | _cL | ||
| 999 |
_c2564 _d2564 |
||